000 00611nam a2200181Ia 4500
008 151202s9999||||xx |||||||||||||| ||und||
082 _bPNVM-70232
100 _aपंडित श्रीनिवास.
245 _aनिसर्ग पूर्ण.
260 _b"ऊर्जा प्रकाशन,पुणे."
260 _c70232
300 _a254
600 _aपंडित श्रीनिवास.
630 _aनिसर्ग पूर्ण.
700 _aपंडित श्रीनिवास.
730 _aनिसर्ग पूर्ण.
942 _cBOOK
999 _c1336742
_d1336739